Welcome to CU Library Online Public Access Catalogue (OPAC)

Sociology for Nurses (Record no. 7972)

MARC details
000 -LEADER
fixed length control field 00454nam a22001457a 4500
005 - DATE AND TIME OF LATEST TRANSACTION
control field 20251103114446.0
008 - FIXED-LENGTH DATA ELEMENTS--GENERAL INFORMATION
fixed length control field 251103b |||||||| |||| 00| 0 eng d
020 ## - INTERNATIONAL STANDARD BOOK NUMBER
International Standard Book Number 8171794734
050 ## - LIBRARY OF CONGRESS CALL NUMBER
Classification number RT86.5
Item number .S665
100 ## - MAIN ENTRY--PERSONAL NAME
Personal name Indrani, TK
245 ## - TITLE STATEMENT
Title Sociology for Nurses
Remainder of title a precise guide to sociology for general nursing students
Statement of responsibility, etc. T. K. Indrani
260 ## - PUBLICATION, DISTRIBUTION, ETC.
Place of publication, distribution, etc. New Delhi
Name of publisher, distributor, etc. Jaypee Brothers Medical Publishers
Date of publication, distribution, etc. 2003
300 ## - PHYSICAL DESCRIPTION
Extent 76p.
Dimensions 22cm
942 ## - ADDED ENTRY ELEMENTS (KOHA)
Source of classification or shelving scheme Library of Congress Classification
Koha item type Books
Suppress in OPAC No
999 ## -
-- 7972
-- 7972
Holdings
Withdrawn status Lost status Source of classification or shelving scheme Damaged status Not for loan Collection Home library Current library Shelving location Date acquired Total checkouts Full call number Barcode Date last seen Copy number Price effective from Koha item type
    Library of Congress Classification     Non-fiction Science Library (Miotso) Science Library (Miotso) General stacks 11/03/2025   RT86.5 .S665 IND SLM00005089 11/03/2025 1 11/03/2025 Books
    Library of Congress Classification     Non-fiction Science Library (Miotso) Science Library (Miotso) General stacks 11/03/2025   RT86.5 .S665 IND SLM00005090 11/03/2025 2 11/03/2025 Books
    Library of Congress Classification     Non-fiction Science Library (Miotso) Science Library (Miotso) General stacks 11/03/2025   RT86.5 .S665 IND SLM00005091 11/03/2025 3 11/03/2025 Books
© 2023-2024 Copyright: Central University Libraries. All Rights Reserved | Created by: Mahone Tech Office